Sports Quiz

Random Sports or Basketball Quiz

NBA Player Nicknames Quiz Stats

 Plays Quiz not verified by Sporcle

Challenge
Share
Tweet
Embed
Score 0/54 Timer 10:00
0 Plays Today
Players Nicknames % Correct
Allen IversonThe Answer
91.3%
Lebron JamesAkron Hammer
88.7%
Shaquille O'NealThe Big Diesel
85.2%
Julius ErvingDr. J
84.8%
Karl MaloneThe Mailman
82.6%
Glen DavisBig Baby
79.6%
Earvin JohnsonMagic
77.7%
Gary PaytonThe Glove
77.6%
Hakeem OlajuwonHakeem the Dream
77.2%
Kobe BryantThe Black Mamba
77%
Pete MaravichPistol
77%
Tracy McGradyT-Mac
76.3%
Anfernee HardawayPenny
75.7%
Michael JordanHis Airness
74.6%
Gilbert ArenasAgent Zero
74.6%
David RobinsonThe Admiral
74.4%
Kevin GarnettThe Big ticket
73.8%
Richard HamiltonRip
73.8%
Clyde DrexlerGlide
71.6%
Wilt ChamberlainWilt the stilt
70.9%
Paul PierceThe Truth
66.2%
Nate ArchibaldTiny
65.5%
Steve FrancisFranchise
63.8%
Vince CarterAir Canada
62.9%
George GervinIceman
62.7%
Charles BarkleySir Charles
60.7%
Earl MonroeEarl the Pearl
59.6%
Players Nicknames % Correct
Robert HorryBig Shot Bob
56.4%
Oscar RobinsonThe Big O
54.4%
Tim DuncanBig Fundamental
53.1%
Larry BirdLarry Legend
49.5%
Lloyd FreeWorld B. Free
45.6%
Walt FrazierClyde
44.7%
Bryant ReevesBig Country
44%
Chauncey BillupsMr. Big Shot
43.6%
Darryl DawkinsChocolate Thunder
43.2%
Xavier McDanielX-man
37.1%
Larry JohnsonGrandmama
36.2%
Shawn KempThe Reign Man
36%
Dominique WilkinsHuman Highlight Film
33.2%
Rik SmitsThe Dunking Dutchman
28%
John HavlicekHondo
25.6%
Nick Van ExelNick the Quick
24.7%
James WorthyBig Game James
23%
Connie HawkinsThe Hawk
19.3%
Chris AndersonBirdman
18.2%
Sam PerkinsBig Smooth
15.4%
Fred BrownDowntown Freddie Brown
10.9%
Robert TraylorTractor
10.6%
Jerry WestMr. Clutch
8.7%
Rafer AlstonSkip to my lou
8.5%
Ronald MurrayFlip
4.3%
Desmond MasonThe Cowboy
2.6%
Nate McMillanMr. Sonic
0.9%

You're not logged in!

Compare scores with friends on all Sporcle quizzes.
Join for Free
OR
Log In

You Might Also Like...

Show Comments

Extras

Top Quizzes Today


Score Distribution

Your Account Isn't Verified!

In order to create a playlist on Sporcle, you need to verify the email address you used during registration. Go to your Sporcle Settings to finish the process.

Report this User

Report this user for behavior that violates our Community Guidelines.

Details: